Ondrej Nagaj 21.02.1940 Ratkovské Bystré : 75. výročie narodenia

Bibliographic Details
Other Authors: Blašková, Mária (Compiler)
Format: Book
Language:Slovak
PhysicalDescription:1 zlož. list ([6] s.) ilustr., portrét 21 x 30 cm, po zložení 21 x 10 cm
Published: V Považskej Bystrici Považská knižnica 2015
Subjects:

MARC

LEADER 00000nam a2200000 a 4500
001 vtls011508076
003 SK-MaSNL
005 20260425223447.0
008 160225s2015 xo ac h 000 0dslo
015 |a SNBE2016 
040 |a SNK  |b slo  |c SNK  |e AACR2 
041 0 |a slo 
043 |a e-xo--- 
044 |a xo  |c SK 
072 7 |a 821.162.4.09  |x Slovenská literatúra (o nej)  |2 konspekt 
072 7 |a 070  |x Noviny. Tlač. Žurnalistika  |2 konspekt 
080 |a 821.162.4-1-051  |2 2011 
080 |a 070.421  |2 2011 
080 |a (437.6)  |2 2011 
080 |a (036)  |2 2011 
245 0 0 |a Ondrej Nagaj  |b 21.02.1940 Ratkovské Bystré : 75. výročie narodenia  |c zostavila: Mária Blašková ; zodp. red.: Ivana Knappová 
260 |a V Považskej Bystrici  |b Považská knižnica  |c 2015 
300 |a 1 zlož. list ([6] s.)  |b ilustr., portrét  |c 21 x 30 cm, po zložení 21 x 10 cm 
500 |a Obsahuje biogr. údaje a údaje o tvorbe 
600 1 7 |a Nagaj, Ondrej,  |d 1940-  |2 SNKMA  |9 97725 
650 0 7 |a slovenskí básnici  |2 SNKPH  |9 67856 
650 0 7 |a Slovak poets  |2 SNKPHeng  |9 303290 
650 0 7 |a redaktori  |2 SNKPH  |9 30176 
650 0 7 |a Subeditors  |2 SNKPHeng  |9 340936 
651 7 |a Slovensko  |2 SNKPH  |9 14231 
651 7 |a Slovakia  |2 SNKPHeng  |9 92630 
655 7 |a informačné publikácie  |2 SNKPH  |9 70181 
655 7 |a Information publications  |2 SNKPHeng  |9 265188 
700 1 |a Blašková, Mária  |4 com  |9 340937 
700 1 |a Knappová, Ivana  |4 lso  |9 337490 
710 2 |a Považská knižnica v Považskej Bystrici  |4 pbl  |9 132266 
752 |a Slovensko  |d Považská Bystrica 
958 |a BX 
958 |a LX 
999 |c 586413  |d 588343 
952 |a SNK  |b SNK  |y PREZ  |7 0  |p 17A1180916  |o snkOSC 27455  |i snk2016/5496  |8 0  |0 0  |1 0  |4 0  |d 2016-02-25  |l 0  |r 2026-02-23 15:09:06  |w 2026-02-23 
952 |a SNK  |b SNK  |y PREZ  |7 0  |p 17A1180915  |o snkOSC 27455 D1  |i snk2016/5497  |8 0  |0 0  |1 0  |4 0  |d 2016-02-25  |l 0  |r 2026-02-23 15:09:06  |w 2026-02-23